00708nam a2200229Ia 4500001000600000003000900006008004100015040001300056040001300069041001300082100001700095100002900112245008800141245005500229250001100284260000900295260001100304260004900315300005600364650002700420650003100447 7650IT-RoPAU130308s9999 xx 000 0 und d aIT-RoPAU cIT-RoPAU aITALIANO aRanieri Tino gCodice Aut. SPICS: 2201 aProblemi della donna d'oggi attraverso l'inchiesta cinematografica e televisiva (I) bInchiesta Filmata Come mezzo di Comunicazione (L') a1a ed. aROMA bLerici c1966 [1° Ed.:1966 - Ed.Ling.Originale:1965] a"8 p. (prefazione: no ; testo: 8 [pagine: 95-102])" aGENERI CINEMATOGRAFICI eCodice materia Spics: 6810